Gum naval stores : (Registro nro. 4386)

Detalles MARC
000 -CABECERA
Campo de control 01446cam a2200385 a 4500
005 - FECHA Y HORA DE LA ULTIMA TRANSACCION
Campo de control 20191224041735.0
008 - ELEMENTOS DE LONGITUD FIJA—INFORMACION GENERAL
Campo de control 950915r1995 it grbs i000 0 eng d
020 ## - ISBN
ISBN 9251036845
040 ## - FUENTE DE CATALOGACIÓN
Agencia catalogadora original NNBG
Agencia transcriptora NNBG
Agencia Modificadora OCoLC
-- DLC
-- CO-BoIAVH
041 ## - IDIOMA
Código de idioma para texto/pista de sonido o título separado Inglés
042 ## - AUTHENTICATION CODE
Authentication code lccopycat
082 04 - NUMERO DE CLASIFICACION DECIMAL DEWEY
Número de clasificación 338.17498
Número del ítem C78g
100 1# - ASIENTO PRINCIPAL--NOMBRE PERSONAL
Nombre personal Coppen, J. J. W.
9 (RLIN) 60411
245 10 - MENCION DE TITULO
Título Gum naval stores :
Parte restante del título turpentine and rosin from pine resin /
Mención de responsabilidad J.J.W. Coppen and G.A. Hone.
246 30 - FORMA VARIANTE DEL TITULO
Título propiamente dicho/forma breve del título Turpentine and rosin from pine resin
260 ## - PUBLICACION, DISTRIBUCION, ETC. (PIE DE IMPRENTA)
Lugar de publicación, distribución, etc. Rome :
Nombre del editor, distribuidor, etc. Food and Agriculture Organization of the United Nations,
Fecha de publicación, distribución, etc. 1995.
300 ## - DESCRIPCION FISICA
Extensión ix, 62 p. ;
Dimensiones 29 cm.
500 ## - NOTA GENERAL
Nota general "NRI, Natural Resources Institute."
500 ## - NOTA GENERAL
Nota general "M-37"--T.p. verso.
504 ## - NOTA DE BIBLIOGRAFIA, ETC.
Nota de bibliografía Includes bibliographical references (p. 41-42).
650 #0 - ASIENTO SECUNDARIO DE MATERIA - TERMINO TEMATICO
Término temático o nombre geográfico como elemento de entrada Gums and resins industry.
9 (RLIN) 60412
650 #0 - ASIENTO SECUNDARIO DE MATERIA - TERMINO TEMATICO
Término temático o nombre geográfico como elemento de entrada Gomas y resinas industria.
9 (RLIN) 60413
650 #0 - ASIENTO SECUNDARIO DE MATERIA - TERMINO TEMATICO
Término temático o nombre geográfico como elemento de entrada Turpentine industry and trade.
9 (RLIN) 60414
650 #0 - ASIENTO SECUNDARIO DE MATERIA - TERMINO TEMATICO
Término temático o nombre geográfico como elemento de entrada La trementina industria y el comercio.
9 (RLIN) 60415
650 #0 - ASIENTO SECUNDARIO DE MATERIA - TERMINO TEMATICO
Término temático o nombre geográfico como elemento de entrada Forest products industry.
9 (RLIN) 73696
650 #0 - ASIENTO SECUNDARIO DE MATERIA - TERMINO TEMATICO
Término temático o nombre geográfico como elemento de entrada industria de productos forestales.
9 (RLIN) 18359
650 #0 - ASIENTO SECUNDARIO DE MATERIA - TERMINO TEMATICO
Término temático o nombre geográfico como elemento de entrada Pine gum.
9 (RLIN) 60417
650 #0 - ASIENTO SECUNDARIO DE MATERIA - TERMINO TEMATICO
Término temático o nombre geográfico como elemento de entrada goma de pino.
9 (RLIN) 60418
650 #0 - ASIENTO SECUNDARIO DE MATERIA - TERMINO TEMATICO
Término temático o nombre geográfico como elemento de entrada Naval stores.
9 (RLIN) 60419
650 #0 - ASIENTO SECUNDARIO DE MATERIA - TERMINO TEMATICO
Término temático o nombre geográfico como elemento de entrada pertrechos navales.
9 (RLIN) 60420
700 1# - ASIENTO SECUNDARIO - NOMBRE PERSONAL
Nombre personal Hone, Angus.
9 (RLIN) 60421
710 2# - ASIENTO SECUNDARIO - NOMBRE CORPORATIVO
Nombre corporativo o de jurisdicción como elemento de entrada Food and Agriculture Organization of the United Nations.
9 (RLIN) 3045
710 2# - ASIENTO SECUNDARIO - NOMBRE CORPORATIVO
Nombre corporativo o de jurisdicción como elemento de entrada Natural Resources Institute (Great Britain)
9 (RLIN) 60422
942 ## - ELEMENTOS ADICIONALES (KOHA)
Sistema de clasificación Dewey Decimal Classification
Tipo de ítem Libro
Existencias
Withdrawn status Lost status Sistema de Clasificación Damaged status No para préstamo Colección Inventariado Ubicación Permanente Ubicación actual Fecha de adquisición Fuente de Valor Valor Total Checkouts Número topográfico Inventario / Código de Barras Date last seen Ejemplar Price effective from Forma de adquisición Tipo de material
    Dewey Decimal Classification     General Inventariado 2017 Bogotá Bogotá 08/04/2005 Instituto 39000.00   LB-338.17498 C78g 017736 04/12/2012 V.1 Ej. 1 04/12/2012 Donación Libro
    Dewey Decimal Classification     General Inventariado 2017 Bogotá Bogotá 08/04/2005 Instituto 39000.00   LB-338.17498 C78g2 017737 04/12/2012 V.2 Ej.1 04/12/2012 Donación Libro
    Dewey Decimal Classification     General Inventariado 2017 Bogotá Bogotá 08/04/2005 Instituto 39000.00   LB-338.17498 C78g4 017738 04/12/2012 V.4 Ej. 1 04/12/2012 Donación Libro
    Dewey Decimal Classification     General Inventariado 2017 Bogotá Bogotá 08/04/2005 Instituto 39000.00   LB-338.17498 C78g6 017739 04/12/2012 V.6 Ej.1 04/12/2012 Donación Libro
    Dewey Decimal Classification     General Inventariado 2017 Bogotá Bogotá 08/04/2005 Instituto 39000.00   LB-338.17498 C78g10 017740 04/12/2012 V.10 Ej.1 04/12/2012 Donación Libro
    Dewey Decimal Classification     General Inventariado 2017 Bogotá Bogotá 08/04/2005 Instituto 39000.00   LB-338.17498 C78g11 017741 04/12/2012 V.11 Ej.1 04/12/2012 Donación Libro